000
00310cam a2200109ua 4500
082
_a
624.1
_b
IND/IS
245
_a
ISI Handbook for Structural Engineers : 2. Steel Beams and Plate Girders /
250
_a
1 /
260
_a
New Delhi :
_b
Indian Standards Institution ,
_c
1962.
300
_a
199 ; .
942
_c
REF
999
_c
2891
_d
2891